TF2 Bosses - Statistics

General Stats
  • This quiz has been taken 34 times
  • The average score is 4 of 7
Answer Stats
Hint Answer % Correct
Funny Wizard Merasmus
90%
Demoman's Other Eye Monoculus
75%
IA Hale JGN Saxton Hale
75%
Christmas Boss Krampus
45%
No Head? Horseless Headless Horsemann
40%
The Skeleton Appears Skeleton King
35%
Bread Robot Toastmaster
10%
No matching quizzes found
Score Distribution
Percent of People with Each Score
Percentile by Number Answered
Your Score History
You have not taken this quiz